Some theoretical concepts of unemployment versus empirical experience
Alternatívne prístupy k nezamestnanosti. Rast reálneho HDP a nezamestnanosť. Okunov zákon a empirické skúsenosti po globálnej hospodárskej kríze v roku 2008. Príklad Slovenska a Česka v období 2008-2016.
Gespeichert in:
| 1. Verfasser: | |
|---|---|
| Format: | Buchkapitel |
| Sprache: | Englisch |
| Schlagworte: | |
| Tags: |
Keine Tags, Fügen Sie das erste Tag hinzu!
|
MARC
| LEADER | 00000nla a2200000 4500 | ||
|---|---|---|---|
| 001 | 0237450 | ||
| 005 | 20240712110624.4 | ||
| 041 | 0 | |a eng | |
| 044 | |a CZ | ||
| 245 | 1 | 0 | |a Some theoretical concepts of unemployment versus empirical experience |c Ján Lisý |
| 520 | |a Alternatívne prístupy k nezamestnanosti. Rast reálneho HDP a nezamestnanosť. Okunov zákon a empirické skúsenosti po globálnej hospodárskej kríze v roku 2008. Príklad Slovenska a Česka v období 2008-2016. | ||
| 610 | 2 | 0 | |a história |
| 610 | 2 | 0 | |a cykly hospodárske |
| 610 | 2 | 0 | |a nezamestnanosť |
| 610 | 2 | 0 | |a zamestnanosť |
| 610 | 2 | 0 | |a zamestnanosť plná |
| 610 | 2 | 0 | |a Slovensko |
| 610 | 2 | 0 | |a Česko |
| 610 | 2 | 0 | |a analýza empirická |
| 100 | 1 | |a Lisý, Ján | |